| 000 | 00612cam a2200145 4500500 | ||
|---|---|---|---|
| 005 | 20251228082903.0 | ||
| 041 | _afre | ||
| 042 | _adc | ||
| 100 | 1 | 0 |
_aDebbagi Baranova, Tatiana _eauthor |
| 245 | 0 | 0 | _aHélène Duccini, Faire voir, faire croire. L’opinion publique sous Louis XIII, Seyssel, Champ Vallon, coll. « Époques », 2003. Un vol. 15,5 × 24 cm de 538 p. |
| 260 | _c2005. | ||
| 500 | _a38 | ||
| 786 | 0 | _nDix-septième siècle | 227 | 2 | 2005-06-01 | p. 355i-376i | 0012-4273 | |
| 856 | 4 | 1 | _uhttps://shs.cairn.info/revue-dix-septieme-siecle-2005-2-page-355i?lang=fr&redirect-ssocas=7080 |
| 999 |
_c1599999 _d1599999 |
||